|
|
|
|
| LEADER |
00000nam0a2200000 4500 |
| 001 |
305387 |
| 005 |
20231102001808.0 |
| 035 |
|
|
|a (RuTPU)RU\TPU\book\330655
|
| 090 |
|
|
|a 305387
|
| 100 |
|
|
|a 20150925d1983 km y0rusy50 ca
|
| 101 |
0 |
|
|a rus
|
| 102 |
|
|
|a RU
|
| 105 |
|
|
|a y z 001zy
|
| 200 |
1 |
|
|a Консервативная разностная схема для трехмерных нестационарных уравнений бароклинных движений жидкости
|f Б. В. Архипов, П. П. Корявов
|g Академия наук СССР (АН СССР), Вычислительный центр
|
| 210 |
|
|
|a Москва
|c Изд-во Вычислительного центра АН СССР
|d 1983
|
| 215 |
|
|
|a 33 с.
|
| 225 |
1 |
|
|a Сообщения по прикладной математике
|
| 320 |
|
|
|a Библиогр.: с. 32-33
|
| 606 |
1 |
|
|a Разностные схемы, теория
|2 stltpush
|3 (RuTPU)RU\TPU\subj\23628
|9 48186
|
| 606 |
1 |
|
|a Гидродинамика
|x Математические методы
|2 stltpush
|3 (RuTPU)RU\TPU\subj\67339
|9 83182
|
| 610 |
1 |
|
|a жидкости
|
| 610 |
1 |
|
|a движение
|
| 610 |
1 |
|
|a трехмерные уравнения
|
| 610 |
1 |
|
|a нестационарные уравнения
|
| 610 |
1 |
|
|a сеточные уравнения
|
| 610 |
1 |
|
|a законы сохранения
|
| 610 |
1 |
|
|a стратифицированные жидкости
|
| 610 |
1 |
|
|a турбулентное движение
|
| 675 |
|
|
|a 517.962
|v 4
|
| 675 |
|
|
|a 532.5:51
|v 4
|
| 700 |
|
1 |
|a Архипов
|b Б. В.
|
| 701 |
|
1 |
|a Корявов
|b П. П.
|
| 712 |
0 |
2 |
|a Академия наук СССР (АН СССР)
|b Вычислительный центр
|2 stltpush
|3 (RuTPU)RU\TPU\col\11481
|
| 801 |
|
1 |
|a RU
|b 63413507
|c 20150925
|
| 801 |
|
2 |
|a RU
|b 63413507
|c 20190524
|g RCR
|
| 942 |
|
|
|c BK
|